|
|
|
|
| LEADER |
02183nem a2200553 i 4500 |
| 001 |
nkc20172883887 |
| 003 |
CZ PrNK |
| 005 |
20200428095026.0 |
| 007 |
ad canzn |
| 008 |
170303t20172017xr z e 0 ger |
| 015 |
|
|
|a cnb002883887
|
| 020 |
|
|
|a 978-80-86918-95-2
|q (volné listy v obalu)
|
| 034 |
1 |
|
|a a
|b 1440
|
| 040 |
|
|
|a BOA001
|b cze
|d ABA001
|e rda
|
| 041 |
0 |
|
|a ger
|a cze
|
| 043 |
|
|
|a e-xr---
|b e-xr-pg
|2 czenas
|
| 045 |
|
|
|a w4w4
|
| 072 |
|
7 |
|a 528
|x Geodezie. Kartografie
|2 Konspekt
|9 7
|
| 072 |
|
7 |
|a 912
|x Mapy. Atlasy. Glóby
|2 Konspekt
|9 7
|
| 080 |
|
|
|a 528.9:94
|2 MRF
|
| 080 |
|
|
|a 913(437.311)
|2 MRF
|
| 080 |
|
|
|a (084.3.035)904
|2 MRF
|
| 080 |
|
|
|a (082.2)
|2 MRF
|
| 080 |
|
|
|a (084.41)
|2 MRF
|
| 110 |
2 |
|
|a Český úřad zeměměřický a katastrální
|7 mzk2004217229
|4 aut
|4 pbl
|
| 245 |
1 |
0 |
|a Mapa stabilního katastru královského hlavního města Prahy z roku 1842 :
|b uloženo v Ústředním archivu zeměměřictví a katastru Zeměměřického úřadu v Praze : vydáno k 200. výročí založení stabilního katastru v roce 1817 /
|c zpracoval a vytiskl: Zeměměřický úřad
|
| 255 |
|
|
|a Měřítko 1:1 440
|
| 264 |
|
1 |
|a Praha :
|b Český úřad zeměměřický a katastrální,
|c [2017]
|
| 264 |
|
4 |
|c ©2017
|
| 300 |
|
|
|a 1 atlas (6 nečíslovaných listů, 22 mapových listů) :
|b barevné ;
|c 43 cm
|
| 336 |
|
|
|a kartografický obraz
|b cri
|2 rdacontent
|
| 336 |
|
|
|a text
|b txt
|2 rdacontent
|
| 337 |
|
|
|a bez média
|b n
|2 rdamedia
|
| 338 |
|
|
|a svazek
|b nc
|2 rdacarrier
|
| 500 |
|
|
|a Ve společném papírovém obalu
|
| 500 |
|
|
|a Úvodní text
|
| 546 |
|
|
|a Místní jména německy, český text
|
| 648 |
|
4 |
|a 1842
|
| 648 |
|
7 |
|a 1841-1850
|7 ch501357
|2 czenas
|
| 650 |
0 |
7 |
|a historická kartografie
|7 ph114667
|z Česko
|y 1841-1850
|2 czenas
|
| 651 |
|
7 |
|a Praha (Česko)
|7 ge118011
|y 1841-1850
|2 czenas
|
| 655 |
|
7 |
|a mapová faksimilia
|7 fd132799
|2 czenas
|
| 655 |
|
7 |
|a jubilejní publikace
|7 fd131839
|2 czenas
|
| 655 |
|
7 |
|a atlasy
|7 fd131835
|2 czenas
|
| 910 |
2 |
|
|a BOA001
|b 5-1392.978
|
| 990 |
|
|
|a MP
|
| 995 |
|
|
|a 01
|
| 991 |
|
|
|b 201709
|c NOV
|
| 996 |
6 |
|
|b 2610718235
|c 5-1392.978
|l MZK
|r Sklad / do 24 hodin
|n 0
|p p.v.
|w 001629594
|u 000010
|a 1
|e BOA001
|j MZK50
|s P
|